[Event "GER North-ch U12"]
[Site "Langeoog"]
[Date "2001.10.01"]
[Round "3.5"]
[White "Buncke, Constantin"]
[Black "Knop, Richard"]
[Result "0-1"]
[WhiteElo "1238"]
[BlackElo "1355"]
[PlyCount "112"]
[EventDate "2001.10.??"]
[EventType "swiss"]
[EventRounds "5"]
[EventCountry "GER"]
[SourceTitle "EXT 2003"]
[Source "ChessBase"]
[SourceDate "2002.11.25"]
[SourceVersion "1"]
[SourceVersionDate "2002.11.25"]
[SourceQuality "1"]

1. e4 d6 2. d4 Nf6 3. Nc3 g6 4. Nf3 Bg7 5. Bd3 0-0 6. 0-0 Nbd7 7. Bf4 Nh5 8. Be3 e5 9. d5 Nc5 10. Be2 f5 11. Bxc5 dxc5 12. Nd2 Nf4 13. Bc4 Kh8 14. g3 Nh3+ 15. Kg2 Ng5 16. f4 exf4 17. h4 Bxc3 18. hxg5 Bxd2 19. Qxd2 Qxg5 20. Rxf4 Re8 21. d6 cxd6 22. Re1 b6 23. Qc3+ Re5 24. Bd5 Rb8 25. exf5 Qf6 26. fxg6 Bf5 27. Rxe5 dxe5 28. Be4 hxg6 29. g4 Rf8 30. gxf5 exf4 31. Qxf6+ Rxf6 32. fxg6 f3+ 33. Kf2 Kg7 34. a3 Rf4 35. Bxf3 Kxg6 36. Ke3 Kf5 37. Be2 Rd4 38. Bd3+ Kg4 39. Kd2 Kf3 40. Kc3 Kf2 41. b3 Ke1 42. Kb2 Kd2 43. a4 Rxd3 44. cxd3 Kxd3 45. Ka3 Kc3 46. Ka2 a6 47. Ka3 b5 48. a5 c4 49. bxc4 bxc4 50. Ka2 Kd2 51. Ka3 c3 52. Kb4 c2 53. Kc5 c1Q+ 54. Kb6 Kd3 55. Kxa6 Qb1 56. Ka7 Kc4 0-1

[Event "GER North-ch U12"]
[Site "Langeoog"]
[Date "2001.09.30"]
[Round "2.4"]
[White "Knop, Richard"]
[Black "Baldig, Bastian"]
[Result "0-1"]
[WhiteElo "1355"]
[BlackElo "1288"]
[PlyCount "57"]
[EventDate "2001.10.??"]
[EventType "swiss"]
[EventRounds "5"]
[EventCountry "GER"]
[SourceTitle "EXT 2003"]
[Source "ChessBase"]
[SourceDate "2002.11.25"]
[SourceVersion "1"]
[SourceVersionDate "2002.11.25"]
[SourceQuality "1"]

1. Nf3 d5 2. g3 c5 3. Bg2 Nc6 4. 0-0 e5 5. d3 Nf6 6. Nbd2 Be7 7. e4 d4 8. Ne1 Be6 9. f4 exf4 10. gxf4 Bg4 11. Bf3 Bxf3 12. Qxf3 Qd7 13. Kh1 0-0-0 14. e5 Nd5 15. a4 Ne3 16. Rg1 Bh4 17. Ne4 Bxe1 18. Bxe3 dxe3 19. Rgxe1 Nd4 20. Qg2 Qd5 21. c3 Nb3 22. Ra3 c4 23. Nd6+ Rxd6 24. exd6 Qxd6 25. d4 Qxf4 26. Qg3 Qxg3 27. hxg3 Re8 28. Kg2 Re4 29. a5 0-1